000 00551nam a2200229Ia 4500
003 OSt
005 20220918204637.0
006 a|||||r|||| 00| 0
007 ta
008 220917b |||||||| |||| 00| 0 eng d
024 _a113,639
037 _cTextual
040 _aARTS
_cARTS
_beng
041 _2eng
_aeng
082 _aV5:1:N48, L3
100 _aSigmann Jean
_9112694
245 0 _aEighteen fortyeight
260 _c1973
650 _aHISTORY
942 _hV5:1:N48, L3
_cTEXL
_2CC
999 _c236970
_d236970